000 00858nam0a22002651 4500
001 rc\2778463
005 20250806205414.0
035 _a(NLR Aleph) 006904715
090 _a33915
_c33915
100 _a20110915d1942 u y0rusy50 ca
101 0 _arus
102 _aRU
105 _ay z |||a|
200 1 _aСтихотворения
_fКонстантин Симонов
210 _aЛенинград
_cОГИЗ Гослитиздат
_d1942
215 _a30, [2] с.
_d14 см.
700 1 _aСимонов
_bК. М.
_cписатель
_f1915-1979
_gКонстантин Михайлович
_3RU\NLR\AUTH\778243
801 0 _aRU
_bNLR
_gpsbo
801 1 _aRU
_bELAR
_2rusmarc
852 _aNLR
_jЛ30 Г-2/281
942 _cBOOK
945 _aРоссийская национальная библиотека
980 _aNB
980 _aBV